000
00230nam a22000857a 4500
008
160917b xxu||||| |||| 00| 0 eng d
100
_9
625
_a
Mishra A
245
_a
Basic Science-VII
260
_a
New Delhi
_b
Bharati Bhawan publication
_c
2008
999
_c
3284
_d
3284